000
00276nam a2200121Ia 4500
005
20251222144832.0
008
251222s9999||||xx |||||||||||||| ||spa||
020
_a
84-7141-251-9
082
_a
263.5/C76R
245
0
_a
Retiros y Celebraciones
264
_b
Edice
942
_c
LIB
999
_c
20885
_d
20885